| 000 | 00392nam a22001457a 4500 | ||
|---|---|---|---|
| 082 |
_a920 _bGAN/J |
||
| 100 | _aDR.V.P.GANGADHARAB | ||
| 245 | _aJEEVITHAM ENNA DIVYANUBHAVAM | ||
| 246 |
_aJEEVITHAM ENNA DIVYANUBHAVAM _bJEEVITHAM ENNA DIVYANUBHAVAM |
||
| 260 |
_aKOTTAYAM _bDR. V.P. GANGADHARAN _c2022 |
||
| 300 | _a120 | ||
| 520 | _a LIFE OF Dr.. GANGADHARAN | ||
| 650 | _aMEMOIR | ||
| 942 | _cBK | ||
| 999 |
_c7639 _d7639 |
||